banner-ar

الوجيز فى احكام تقارير الكفاية و ضم مدد الخدمة : (Record no. 60758)

MARC details
000 -الفاتح
حقل البيانات ثابتة الطول 01277nam a22002417a 4500
005 - وقت وتاريخ اخر تعامل مع التسجيلة
رقم الضبط 20240530110426.0
008 - عناصر البيانات ثابتة الطول - معلومات عامة
حقل البيانات ثابتة الطول 150205s2009 ua g 000 0 ara d
017 ## - رقم الايداع القانونى
رقم الايداع القانونى 2008/1757
المصدر ( الهيئة المختصة) مصر . دار الكتب المصرية
040 ## - مصدر الفهرسة
وكالة الفهرسة الأصلية EG-CaGPL
041 0# - رمز اللغة
رمز لغة النص/ المسارات الصوتية أو العنوان الانفرادي ara
082 04 - رقم تصنيف ديوى العشرى
رقم الطبعة 21
رقم التصنيف 342.06\
رقم المادة خ و
100 0# - المدخل الرئيسى - إسم شخصى
الإسم الشخصى خالد عبدالفتاح محمد
245 12 - بيان العنوان
العنوان الوجيز فى احكام تقارير الكفاية و ضم مدد الخدمة :
بقية العنوان تقارير الكفاية - ضم مدة الخدمة العملية - ضم مدة الخدمة العسكرية - و الاستبقاء و الاحتياط - سحب مدد الخدمة فى ضوء احكام المحكمة الادارية العليا حتى عام 2008 /
بيان المسئوليه,etc خالد عبدالفتاح محمد
250 ## - بيان الطبعة
بيان الطبعة ط1
260 ## - PUBLICATION, DISTRIBUTION, ETC. (IMPRINT)
تاريخ النشر أو التوزيع 2009
300 ## - الوصف المادى
التعداد 190 ص ،
أبعاد الوعاء 24 سم
650 04 - المدخل الاضافى بالموضوع-مصطلح موضوعى
مصطلح موضوعي العمل و العمال
التقسيم الفرعي العام قوانين و تشريعات
650 04 - المدخل الاضافى بالموضوع-مصطلح موضوعى
مصطلح موضوعي الموظفون
التقسيم الفرعي العام التقارير عن
650 04 - المدخل الاضافى بالموضوع-مصطلح موضوعى
مصطلح موضوعي ضم خدمة المدة
التقسيم الفرعي العام قوانين و تشريعات
650 04 - المدخل الاضافى بالموضوع-مصطلح موضوعى
مصطلح موضوعي تقارير الكفاية
التقسيم الفرعي العام قوانين و تشريعات
942 ## - عناصر المدخل الإضافي( كوها)
مصدر التصنيف او مخطط الترفيف Dewey Decimal Classification
Koha [default] item type كتاب
260 ## - PUBLICATION, DISTRIBUTION, ETC. (IMPRINT)
-- القاهرة :
-- المركز القومى للاصدارات القانونية ،
Holdings
حالة التراجع حالة الفقد حالة تلف ليس للاعارة المكان المؤقت الموقع الحالى تاريخ الاكتساب اجمالي اﻻعارات رقم الطلب الباركود تاريخ اخر مشاهدة تاريخ تفعيل السعر نوع وعاء كوها
        مكتبة القاهرة الكبرى مكتبة القاهرة الكبرى 03/24/2015   342.06\ خ و 159872 03/24/2015 03/24/2015 كتاب

Powered By

EGPV